[Event "Benidorm 2010 - Sub-2000"]
[Site "Benidorm ESP"]
[Date "2010.12.11"]
[Round "10.8"]
[White "Laurentiu, Burlacu"]
[Black "Perez Garcia, Jose Miguel"]
[Result "0-1"]
[WhiteElo "1955"]
[BlackElo "1993"]
[PlyCount "130"]
[EventDate "2010.12.03"]
[EventType "swiss"]
[EventRounds "10"]
[EventCountry "ESP"]
[Source "lmi"]
[SourceDate "2010.12.03"]

1. Nf3 c5 2. e4 e6 3. d4 cxd4 4. Nxd4 a6 5. Nc3 Qc7 6. Be2 b5 7. Bf3 Bb7 8. Be3
Bb4 9. Bd2 Be7 10. Qe2 d6 11. Rc1 Nd7 12. Bg4 Bf6 13. Nf3 Ne7 14. O-O b4 15.
Nd1 a5 16. c4 Nc5 17. Be3 Nxe4 18. Nd4 Nc5 19. Nb5 Qb6 20. Bd4 Bxd4 21. Nxd4
O-O 22. Ne3 Ne4 23. Rfd1 Rfd8 24. Bf3 Ng6 25. c5 Nxc5 26. Nc4 Qa6 27. Nxd6 Qxd6
28. Nc6 Nf4 29. Qc2 Nfd3 30. Nxd8 Bxf3 31. gxf3 Qxd8 32. Qxc5 Nxc5 33. Rxd8+
Rxd8 34. Rxc5 Ra8 35. Rc7 g6 36. Kf1 Rd8 37. Ke2 Rd5 38. Ra7 Kg7 39. Ke3 Rc5
40. b3 Rd5 41. Ra6 h6 42. Rc6 Kf6 43. Rc4 Rh5 44. h4 Rd5 45. Rc7 g5 46. h5 Re5+
47. Kd3 Re1 48. Ra7 Rh1 49. Rxa5 Rxh5 50. f4 Rh3+ 51. Ke2 Rc3 52. fxg5+ hxg5
53. Kd2 Rf3 54. Ke2 Rf4 55. Ra7 Rd4 56. Ke3 e5 57. Rc7 Ke6 58. Rc6+ Kf5 59. Rc4
Rxc4 60. bxc4 Ke6 61. Kd3 f5 62. Kc2 Kd6 63. Kd3 Kc5 64. f3 g4 65. fxg4 fxg4
0-1

[Event "Benidorm 2010 - Sub-2000"]
[Site "Benidorm ESP"]
[Date "2010.12.11"]
[Round "10.9"]
[White "Castrillo Mansego, Pablo"]
[Black "Amoros Moran, Jose Joaquin"]
[Result "0-1"]
[WhiteElo "1949"]
[BlackElo "1989"]
[PlyCount "103"]
[EventDate "2010.12.03"]
[EventType "swiss"]
[EventRounds "10"]
[EventCountry "ESP"]
[Source "lmi"]
[SourceDate "2010.12.03"]

1. e4 c5 2. Nf3 d6 3. d4 cxd4 4. Nxd4 Nf6 5. Nc3 Nc6 6. Nxc6 bxc6 7. Bd3 e5 8.
O-O Be7 9. f4 O-O 10. Kh1 Kh8 11. Qf3 Bg4 12. Qg3 Bc8 13. fxe5 dxe5 14. Qxe5
Ng4 15. Qg3 Bh4 16. Qf3 Qd4 17. g3 Bf6 18. Ne2 Qb6 19. Bf4 Qa5 20. Kg2 Bxb2 21.
Rab1 Qxa2 22. h3 Ne5 23. Bxe5 Bxe5 24. Nf4 a5 25. Qh5 Bxf4 26. gxf4 Qe6 27. e5
g6 28. Qh4 Qd5+ 29. Kh2 Ba6 30. Bxa6 Rxa6 31. Qf6+ Kg8 32. Rfd1 Qe6 33. Qh4 c5
34. Rf1 a4 35. Rbe1 Qf5 36. Qf2 a3 37. Qxc5 Rc8 38. Qb5 Rxc2+ 39. Re2 Rxe2+ 40.
Qxe2 Rb6 41. Kg3 Rb2 42. Qf3 a2 43. Qa8+ Kg7 44. Qa3 Qc2 45. Qe7 Qf5 46. Qa3
Rd2 47. Rf3 h6 48. Qc3 Rc2 49. Qd4 Kh7 50. Qa4 g5 51. Ra3 h5 52. fxg5 0-1

[Event "Benidorm 2010 - Sub-2000"]
[Site "Benidorm ESP"]
[Date "2010.12.11"]
[Round "10.10"]
[White "Vladut, Matei"]
[Black "Cartagena Sanchez, Javier"]
[Result "1-0"]
[WhiteElo "1988"]
[BlackElo "1934"]
[PlyCount "115"]
[EventDate "2010.12.03"]
[EventType "swiss"]
[EventRounds "10"]
[EventCountry "ESP"]
[Source "lmi"]
[SourceDate "2010.12.03"]

1. e4 e5 2. Nf3 Nc6 3. Bb5 a6 4. Ba4 Nf6 5. O-O b5 6. Bb3 Be7 7. d3 O-O 8. c3
d6 9. Re1 Na5 10. Bc2 c5 11. Nbd2 Qc7 12. Nf1 h6 13. Ng3 Re8 14. d4 Bf8 15. h3
Bd7 16. b3 cxd4 17. cxd4 Nc6 18. Bb2 Nb4 19. Bd3 Rac8 20. Rc1 Qb8 21. Bb1 Nc6
22. Qd2 g6 23. Red1 Kh7 24. d5 Nd8 25. Qa5 Qa7 26. Rxc8 Bxc8 27. Bc1 Nb7 28.
Qa3 Bd7 29. Be3 Qa8 30. Rc1 Rc8 31. Rxc8 Bxc8 32. Bd3 Bd7 33. Nd2 a5 34. b4 Qd8
35. Ne2 Ne8 36. Nc3 axb4 37. Qxb4 Nc5 38. Bxb5 Qb8 39. a3 Bxb5 40. Qxb5 Qxb5
41. Nxb5 Na4 42. Nc4 f5 43. f3 Kg7 44. Kf2 Kf7 45. Nb6 Nxb6 46. Bxb6 Ke7 47. a4
Kd7 48. a5 Kc8 49. a6 Be7 50. Na7+ Kd7 51. Nc6 Bh4+ 52. g3 Bxg3+ 53. Kxg3 f4+
54. Kf2 Kc8 55. Na7+ Kb8 56. Nb5 g5 57. a7+ Kb7 58. Nc7 1-0

[Event "Benidorm 2010 - Sub-2000"]
[Site "Benidorm ESP"]
[Date "2010.12.11"]
[Round "10.12"]
[White "Frey, Armin"]
[Black "Baeza Garcia, Agustin"]
[Result "1-0"]
[WhiteElo "1962"]
[BlackElo "1928"]
[PlyCount "73"]
[EventDate "2010.12.03"]
[EventType "swiss"]
[EventRounds "10"]
[EventCountry "ESP"]
[Source "lmi"]
[SourceDate "2010.12.03"]

1. f4 d5 2. e3 g6 3. Nf3 Bg7 4. c4 c6 5. Nc3 Nh6 6. d4 O-O 7. Be2 e6 8. O-O Nd7
9. e4 dxe4 10. Nxe4 Nf6 11. Nc5 Nf5 12. Nb3 a5 13. a4 Ng4 14. Qd3 h5 15. Ne5
Nxe5 16. fxe5 Qc7 17. Bf4 b6 18. Rad1 Bb7 19. Bf3 Qe7 20. Qc2 Rfd8 21. Be4 Nh6
22. Qf2 Rac8 23. Bxh6 Bxh6 24. Rd3 Ba6 25. Rf3 Rf8 26. Qc2 Kh7 27. Rxf7+ Rxf7
28. Bxg6+ Kg7 29. Rxf7+ Qxf7 30. Bxf7 Kxf7 31. Qh7+ Bg7 32. Qxh5+ Kg8 33. Nd2
Rd8 34. Qg4 Kf7 35. Ne4 Bxc4 36. Nd6+ Rxd6 37. exd6 1-0

[Event "Benidorm 2010 - Sub-2000"]
[Site "Benidorm ESP"]
[Date "2010.12.11"]
[Round "10.13"]
[White "De Lamo Sevilla, Julio"]
[Black "Salgado Gonzalez, Julio"]
[Result "0-1"]
[WhiteElo "1959"]
[BlackElo "1843"]
[PlyCount "76"]
[EventDate "2010.12.03"]
[EventType "swiss"]
[EventRounds "10"]
[EventCountry "ESP"]
[Source "lmi"]
[SourceDate "2010.12.03"]

1. f4 Nc6 2. Nf3 e5 3. fxe5 d6 4. e4 dxe5 5. Bb5 Bd7 6. d3 Bd6 7. Be3 Nge7 8.
O-O O-O 9. a3 f5 10. Bc4+ Kh8 11. Ng5 Qe8 12. exf5 Nxf5 13. Bd2 h6 14. Ne4 Qg6
15. Nbc3 Ncd4 16. Ne2 Nh4 17. N2g3 Bg4 18. Rxf8+ Rxf8 19. Qc1 Be2 20. c3 Rf1+
21. Qxf1 Bxf1 22. Rxf1 Ne2+ 23. Kf2 Nf4 24. Ke1 Nhxg2+ 25. Kd1 h5 26. Rf2 h4
27. Nf1 a6 28. a4 Nh3 29. Rf7 Ngf4 30. Ne3 Qg1+ 31. Kc2 Nf2 32. Nxf2 Qxf2 33.
Nf5 Qxh2 34. Nxg7 Qg2 35. Ne8 h3 36. Nf6 Qg6 37. Rh7+ Qxh7 38. Nxh7 h2 0-1

[Event "Benidorm 2010 - Sub-2000"]
[Site "Benidorm ESP"]
[Date "2010.12.11"]
[Round "10.17"]
[White "Rubio Trigueros, Jose Luis"]
[Black "Fuentes Arjona, Antonio"]
[Result "0-1"]
[WhiteElo "1931"]
[BlackElo "1996"]
[PlyCount "48"]
[EventDate "2010.12.03"]
[EventType "swiss"]
[EventRounds "10"]
[EventCountry "ESP"]
[Source "lmi"]
[SourceDate "2010.12.03"]

1. d4 c5 2. d5 Nf6 3. c4 b5 4. f3 bxc4 5. e4 Bb7 6. Bxc4 e6 7. dxe6 fxe6 8. Nc3
Nc6 9. Nge2 Be7 10. O-O O-O 11. Be3 Ne5 12. Bb3 Re8 13. Nf4 Bf8 14. Nd3 Nxd3
15. Qxd3 d5 16. exd5 exd5 17. Qd2 Kh8 18. Bf2 d4 19. Nb5 a6 20. Na3 Nd5 21. Nc4
Qf6 22. Rac1 Nf4 23. Rfe1 Nxg2 24. Bg3 Nxe1 0-1

[Event "Benidorm 2010 - Sub-2000"]
[Site "Benidorm ESP"]
[Date "2010.12.11"]
[Round "10.18"]
[White "Rios Torondell, Jaume"]
[Black "Picazo Gonzalez, Alejandro"]
[Result "1-0"]
[WhiteElo "1991"]
[BlackElo "1955"]
[PlyCount "43"]
[EventDate "2010.12.03"]
[EventType "swiss"]
[EventRounds "10"]
[EventCountry "ESP"]
[Source "lmi"]
[SourceDate "2010.12.03"]

1. e4 e5 2. d4 exd4 3. Bc4 Nf6 4. Nf3 Nxe4 5. Qxd4 Nf6 6. Bg5 Nc6 7. Qh4 Be7 8.
Nc3 O-O 9. O-O-O h6 10. Bxh6 gxh6 11. Qxh6 Ng4 12. Qg6+ Kh8 13. Qh5+ Kg8 14.
Qxg4+ Kh8 15. Rd5 f5 16. Qg6 Rf6 17. Qh5+ Kg7 18. Rxf5 Rxf5 19. Qxf5 d6 20.
Qf7+ Kh8 21. h4 Bg4 22. Qg6 1-0

[Event "Benidorm 2010 - Sub-2000"]
[Site "Benidorm ESP"]
[Date "2010.12.11"]
[Round "10.23"]
[White "Alcobas Cervantes, Miguel Angel"]
[Black "Zabala Perez, Aritz"]
[Result "0-1"]
[WhiteElo "1967"]
[BlackElo "1910"]
[PlyCount "49"]
[EventDate "2010.12.03"]
[EventType "swiss"]
[EventRounds "10"]
[EventCountry "ESP"]
[Source "lmi"]
[SourceDate "2010.12.03"]

1. d4 Nf6 2. Nf3 d5 3. Bf4 g6 4. e3 Bg7 5. c4 O-O 6. Nc3 c6 7. Be2 Bf5 8. h3
Nbd7 9. O-O Re8 10. Rc1 a6 11. b4 b5 12. cxd5 Nxd5 13. Nxd5 cxd5 14. Bc7 Qc8
15. Qb3 Qb7 16. Rfd1 Rec8 17. Bh2 Nb6 18. Ne5 Nc4 19. Bf3 f6 20. Nxc4 bxc4 21.
Rxc4 dxc4 22. Bxb7 cxb3 23. axb3 Bd7 24. Bxa8 Rxa8 25. Re1 0-1

[Event "Benidorm 2010 - Sub-2000"]
[Site "Benidorm ESP"]
[Date "2010.12.11"]
[Round "10.24"]
[White "Cuevas Silva, Angel"]
[Black "Navarro Sancho, Rafael"]
[Result "1-0"]
[WhiteElo "1963"]
[BlackElo "1873"]
[PlyCount "39"]
[EventDate "2010.12.03"]
[EventType "swiss"]
[EventRounds "10"]
[EventCountry "ESP"]
[Source "lmi"]
[SourceDate "2010.12.03"]

1. e4 c5 2. Nf3 Nc6 3. Bb5 a6 4. Bxc6 bxc6 5. O-O g6 6. d3 Bg7 7. h3 d6 8. Nc3
e5 9. Nh2 Ne7 10. f4 exf4 11. Bxf4 O-O 12. Qf3 f5 13. Qg3 d5 14. Rae1 dxe4 15.
dxe4 fxe4 16. Nxe4 Nf5 17. Qb3+ Kh8 18. Nf3 a5 19. Nxc5 Qd5 20. Ng5 1-0

[Event "Benidorm 2010 - Sub-2000"]
[Site "Benidorm ESP"]
[Date "2010.12.11"]
[Round "10.27"]
[White "Barrio Ungidos, Ainhoa"]
[Black "Abul, Qasem"]
[Result "0-1"]
[WhiteElo "1637"]
[BlackElo "1999"]
[PlyCount "60"]
[EventDate "2010.12.03"]
[EventType "swiss"]
[EventRounds "10"]
[EventCountry "ESP"]
[Source "lmi"]
[SourceDate "2010.12.03"]

1. e4 Nc6 2. d4 e5 3. Nf3 exd4 4. Nxd4 Qh4 5. Qd3 Bc5 6. c3 Nf6 7. Nd2 d5 8. g3
dxe4 9. gxh4 exd3 10. Nxc6 bxc6 11. Bxd3 O-O 12. h3 Be6 13. b4 Rfe8 14. Kf1
Rad8 15. Ba6 Bf8 16. a3 Nd5 17. c4 Nf4 18. c5 g6 19. Kg1 Bg7 20. Rb1 Ba2 21.
Nb3 Rd1+ 22. Kh2 Rxh1+ 23. Kxh1 Re1+ 24. Kh2 Be5 25. Nd2 Bxb1 26. Nxb1 Rxc1 27.
Nd2 Rc2 28. Ne4 f5 29. Ng5 Rxf2+ 30. Kh1 h6 0-1

[Event "Benidorm 2010 - Sub-2000"]
[Site "Benidorm ESP"]
[Date "2010.12.11"]
[Round "10.29"]
[White "Ferrandiz Iserte, Albert"]
[Black "Garcia Martin, Juan Manuel"]
[Result "0-1"]
[WhiteElo "1993"]
[BlackElo "1897"]
[PlyCount "42"]
[EventDate "2010.12.03"]
[EventType "swiss"]
[EventRounds "10"]
[EventCountry "ESP"]
[Source "lmi"]
[SourceDate "2010.12.03"]

1. e4 d5 2. exd5 Nf6 3. d4 Bg4 4. Nf3 Qxd5 5. Be2 Nc6 6. h3 Bh5 7. c4 Qd7 8. g4
Bg6 9. d5 Nb4 10. Ne5 Qd6 11. Nxg6 hxg6 12. Nc3 e6 13. Nb5 Qe5 14. f4 Qe4 15.
Rh2 Nxg4 16. Qa4 Kd8 17. Nc3 Qd4 18. Rg2 Rxh3 19. Bxg4 Rh1+ 20. Ke2 Qd3+ 21.
Kf2 Bc5+ 0-1

[Event "Benidorm 2010 - Sub-2000"]
[Site "Benidorm ESP"]
[Date "2010.12.11"]
[Round "10.35"]
[White "Moreno Cervera, Jose Luis"]
[Black "Vieito Soria, Luis Maria"]
[Result "1-0"]
[WhiteElo "1894"]
[BlackElo "1942"]
[PlyCount "29"]
[EventDate "2010.12.03"]
[EventType "swiss"]
[EventRounds "10"]
[EventCountry "ESP"]
[Source "lmi"]
[SourceDate "2010.12.03"]

1. d4 Nf6 2. Bf4 d6 3. e3 Nbd7 4. Nf3 c6 5. h3 Qb6 6. Qc1 e5 7. Bh2 e4 8. Nfd2
d5 9. c4 Be7 10. c5 Qd8 11. b4 b5 12. a4 bxa4 13. Rxa4 g5 14. b5 O-O 15. bxc6
1-0